ბათუმის შოთა რუსთაველის სახელმწიფო უნივერსიტეტის ბიბლიოთეკა

ბერძნული იდიომები და გამოთქმები ქართულად = Ελληνικοί ιδιωμδμοί και (εκ)φράσεις στα γεωργιανά / (ბიბ.ჩანაწერი № 58560)

000 -ლიდერი
ფიქსირებული სიგრძის საკონტროლო ველი 01362nam a22002297a 4500
003 - საკონტროლო ნომრის იდენტიფიკატორი
საკონტროლო ველი Ge_BSU
005 - ბოლო ოპერაციის თარიღი და დრო
საკონტროლო ველი 20220603111429.0
008 - ფიქსირებული სიგრძის მონაცემთა ელემენტები - ზოგადი ინფორმაცია
ფიქსირებული სიგრძის საკონტროლო ველი 220603s2017 ge ||||| |||| 00| 0 geo d
020 ## - წიგნის საერთაშორისო სტანდარტული ნომერი
International Standard Book Number 9789941468384
041 ## - ენის კოდი
Language code of text/sound track or separate title geo
080 ## - უნივერსალური ათობითი კლასიფიკაციის ინდექსი
Universal Decimal Classification number 811.14'06'276 ა-20
100 ## - მთავარი ჩანაწერი - პიროვნების სახელი
Personal name აბულაშვილი, მედეა
9 (RLIN) 13967
245 ## - ცნობა სათაურის შესახებ
Title ბერძნული იდიომები და გამოთქმები ქართულად = Ελληνικοί ιδιωμδμοί και (εκ)φράσεις στα γεωργιανά /
Statement of responsibility, etc მედეა აბულაშვილი, ეკა ჭყოიძე ; დიზაინი ალეკო ჯიქურიძე.
264 ## - წარმოების, გამოცემის, დისტრიბუციის და სხვა ცნობები
გამოცემის, წარმოების, დისტრიბუციის... ადგილი თბილისი :
გამოცემის, წარმოების, დისტრიბუციის... სახელწოდება ლოგოსი,
გამოცემის, წარმოების, დისტრიბუციის... თარიღი 2017.
300 ## - ფიზიკური აღწერა
Extent 336 გვ. ;
Other physical details 19 სმ.
500 ## - ზოგადი შენიშვნა
General note წიგნი ეძღვნება პირველი ქართული უნივერსიტეტის 100 წლის იუბილეს
501 ## - შენიშვნა თანმხლებ მასალაზე
With note საკუთარ სახელთა საძიებელი და განმარტებანი: გვ. 316-327.
504 ## - BIBLIOGRAPHY, ETC. NOTE
Bibliography, etc ბიბლიოგრ.: გვ. 328-336.
653 ## - INDEX TERM--UNCONTROLLED
Uncontrolled term იდიომები ბერძნულ ენაში
700 ## - ADDED ENTRY--PERSONAL NAME
Personal name ჭყოიძე, ეკა
Relator term ავტორი
9 (RLIN) 13968
942 ## - ADDED ENTRY ELEMENTS (KOHA)
Source of classification or shelving scheme
Koha item type წიგნი
ეგზემპლარები
ჩამოწერის სტატუსი დაკარგული ეგზემპლარის სტატუსი კლასიფიკაციის წყარო ან თაროზე გაწყობის სქემა დაზიანების სტატუსი არ გაიცემა მუდმივი მდებარეობა (დაცვის ადგილი) ამჟამინდელი ადგილსამყოფელი თაროზე განთავსების ადგილი შეძენის თარიღი ღირებულება, შესყიდვის ნორმალური ფასი სრული შენახვის შიფრი შტრიხკოდი ბოლო ოპერაციის თარიღი ეგზემპლარის მიმდევრობითი ნომერი (კეტერი?) ფასის ძალაში შესვლის თარიღი ეგზემპლარის სახეობა საჯარო შენიშვნა
          ბათუმის შოთა რუსთაველის სახელმწიფო უნივერსიტეტის მთავარი ბიბლიოთეკა ბათუმის შოთა რუსთაველის სახელმწიფო უნივერსიტეტის მთავარი ბიბლიოთეკა წიგნსაცავი 2022-06-03 10.00 811.14'06'276 ა-20 62536 2022-06-03 62536 2022-06-03 წიგნი 10 ლ.
          ბათუმის შოთა რუსთაველის სახელმწიფო უნივერსიტეტის მთავარი ბიბლიოთეკა ბათუმის შოთა რუსთაველის სახელმწიფო უნივერსიტეტის მთავარი ბიბლიოთეკა წიგნსაცავი 2022-06-03 10.00 811.14'06'276 ა-20 62537 2022-06-03 62537 2022-06-03 წიგნი 10 ლ.